00527cam a2200157 4500001001000000008004100010035001400051050002100065245009800086260005600184300002000240440003800260500001500298504001900313650003700332BP2002728 1983 spa  aBP2002728 4aJL2626bCH5 1983 0aChile : la lucha por el poder /cCentro de informacion y documentacion Luis Emilio Recabarren aMéxico :bUniversidad Autonoma de Guerrero,c1983 a97 p. ;c21 cm. 0aLuchas populares latinoamericanas a1 ejemplar aIncluye indice 4aCHilexpolitica y gobiernox1930